000 00540nam a22001937a 4500
003 KOHA_MİRAKIL
005 20251024175511.0
008 251024b tu ||||| |||| 00| 0 tur d
020 _a9786053755630
040 _aTR-AnABB
_btur
_cTR-AnABB
041 _atur
082 _a828.3354
_bLYN 2021
100 1 _aLynch, Scott,
245 1 0 _aHırsızlar cumhuriyeti /
_cScott Lynch
260 _aİstanbul :
_bİthaki Yayınları,
_c2021
300 _a685 sayfa ;
_c23 cm
650 0 4 _aAmerikan edebiyatı, roman
942 _2ddc
_cBK
999 _c9228
_d9228
900 _bGizem YORULMAZ